[Event "CRO-chT3A Center"]
[Site "Zagreb"]
[Date "2010.10.24"]
[Round "8.21"]
[White "Ryznar, Vladimir"]
[Black "Damjanovic, Mato"]
[Result "0-1"]
[WhiteElo "2130"]
[BlackElo "2314"]
[PlyCount "26"]
[EventDate "2010.03.21"]
[EventType "team-tourn"]
[EventRounds "11"]
[EventCountry "CRO"]
[SourceTitle "EXT 2012"]
[Source "ChessBase"]
[SourceDate "2011.11.24"]
[SourceVersion "1"]
[SourceVersionDate "2011.11.24"]
[SourceQuality "1"]

1. e4 c5 2. Nf3 a6 3. d4 cxd4 4. Nxd4 Nf6 5. Nc3 e5 6. Nf3 d6 7. Be2 Be7 8. 0-0 0-0 9. Bg5 Be6 10. Qd2 Nbd7 11. Rad1 Rc8 12. Nd5 Nxd5 13. Bxe7 Nxe7 0-1

[Event "CRO-chT3A Center"]
[Site "Zagreb"]
[Date "2010.04.25"]
[Round "6.11"]
[White "Brigljevic, Milan"]
[Black "Damjanovic, Mato"]
[Result "1-0"]
[WhiteElo "2281"]
[BlackElo "2314"]
[PlyCount "51"]
[EventDate "2010.03.21"]
[EventType "team-tourn"]
[EventRounds "11"]
[EventCountry "CRO"]
[SourceTitle "EXT 2012"]
[Source "ChessBase"]
[SourceDate "2011.11.24"]
[SourceVersion "1"]
[SourceVersionDate "2011.11.24"]
[SourceQuality "1"]

1. e4 c5 2. Nf3 a6 3. c3 Nf6 4. e5 Nd5 5. d4 cxd4 6. cxd4 e6 7. Nc3 Nxc3 8. bxc3 Qc7 9. Bd2 d6 10. Bd3 dxe5 11. Nxe5 Nd7 12. f4 Nf6 13. 0-0 h5 14. a4 Be7 15. a5 Bd7 16. Qf3 Rd8 17. Rfb1 Bc8 18. Nc4 Nd5 19. Nb6 Nxb6 20. Rxb6 Rd5 21. Be4 Rxa5 22. Rab1 0-0 23. Bxb7 Bd6 24. Be4 g6 25. g3 Ra2 26. Qd3 1-0

[Event "CRO-chT3A Center"]
[Site "Zagreb"]
[Date "2010.04.18"]
[Round "4.21"]
[White "Damjanovic, Mato"]
[Black "Ivekovic, Mario"]
[Result "1/2-1/2"]
[WhiteElo "2314"]
[BlackElo "2258"]
[PlyCount "80"]
[EventDate "2010.03.21"]
[EventType "team-tourn"]
[EventRounds "11"]
[EventCountry "CRO"]
[SourceTitle "EXT 2012"]
[Source "ChessBase"]
[SourceDate "2011.11.24"]
[SourceVersion "1"]
[SourceVersionDate "2011.11.24"]
[SourceQuality "1"]

1. e4 c6 2. d4 d5 3. Nc3 g6 4. h3 dxe4 5. Nxe4 Bg7 6. Nf3 Nf6 7. Nxf6+ exf6 8. Bd3 0-0 9. 0-0 Nd7 10. Re1 Re8 11. Rxe8+ Qxe8 12. Bf4 Nf8 13. Qd2 Be6 14. Bh6 Qd7 15. Bxg7 Kxg7 16. c4 g5 17. Qc3 Bf5 18. Bxf5 Qxf5 19. d5 c5 20. Qe3 b6 21. Re1 Ng6 22. Qe4 Qxe4 23. Rxe4 Kf8 24. Kf1 Re8 25. Rxe8+ Kxe8 26. g3 Kd7 27. Ke2 h6 28. Ke3 f5 29. b3 f6 30. Ne1 Ne5 31. f4 Nf7 32. Nf3 Ke7 33. Nd2 h5 34. Nf3 g4 35. hxg4 hxg4 36. Nd2 Nd6 37. Kd3 Kd7 38. a3 a5 39. Kc2 Kc7 40. Kd3 Kd7 1/2-1/2

[Event "CRO-chT3A Center"]
[Site "Zagreb"]
[Date "2010.04.11"]
[Round "3.51"]
[White "Sribar, Peter"]
[Black "Damjanovic, Mato"]
[Result "1/2-1/2"]
[WhiteElo "2199"]
[BlackElo "2314"]
[PlyCount "41"]
[EventDate "2010.03.21"]
[EventType "team-tourn"]
[EventRounds "11"]
[EventCountry "CRO"]
[SourceTitle "EXT 2012"]
[Source "ChessBase"]
[SourceDate "2011.11.24"]
[SourceVersion "1"]
[SourceVersionDate "2011.11.24"]
[SourceQuality "1"]

1. d4 Nf6 2. c4 e6 3. Nf3 Bb4+ 4. Bd2 a5 5. Nc3 Bxc3 6. Bxc3 Ne4 7. Qc2 Nxc3 8. Qxc3 Qe7 9. e3 0-0 10. Be2 d6 11. 0-0 Nc6 12. d5 Nb8 13. Rfc1 Nd7 14. b3 Nc5 15. Nd2 c6 16. dxc6 bxc6 17. Bf3 Bd7 18. a3 Rfb8 19. b4 Na4 20. Qb3 Nc5 21. Qc3 1/2-1/2

[Event "CRO-chT3"]
[Site "Zagreb"]
[Date "2008.04.27"]
[Round "5"]
[White "Damjanovic, Mato"]
[Black "Zecevic, Dean"]
[Result "1-0"]
[WhiteElo "2299"]
[BlackElo "2288"]
[PlyCount "78"]
[EventDate "2008.03.30"]
[EventType "team-tourn"]
[EventRounds "9"]
[EventCountry "CRO"]
[SourceTitle "EXT 2011"]
[Source "ChessBase"]
[SourceDate "2010.11.26"]
[SourceVersion "1"]
[SourceVersionDate "2010.11.26"]
[SourceQuality "1"]

1. e4 c5 2. Nf3 Nc6 3. d4 cxd4 4. Nxd4 Nf6 5. Nc3 d6 6. Bg5 e6 7. Qd2 a6 8. 0-0-0 Bd7 9. Kb1 b5 10. Nxc6 Bxc6 11. Qe1 Be7 12. e5 Nd5 13. Bxe7 Qxe7 14. exd6 Qxd6 15. Nxd5 Bxd5 16. f4 0-0 17. Qd2 Rfd8 18. Bd3 b4 19. Rhe1 a5 20. Re3 Qxf4 21. Bxh7+ Kf8 22. Bd3 Qxh2 23. Rh3 Qxg2 24. Qe3 Qg4 25. Rg1 Bg2 26. Rh2 Qd4 27. Qxd4 Rxd4 28. Rgxg2 Kg8 29. b3 f5 30. Rg6 Kf7 31. Rhg2 Rg8 32. Kb2 Ke7 33. Re2 Kf7 34. Rexe6 Rg4 35. Bxf5 Rxg6 36. Rxg6 Rh8 37. Ra6 Rh4 38. Bg6+ Ke7 39. Rxa5 Rg4 1-0

[Event "CRO-chT3"]
[Site "Zagreb"]
[Date "2008.04.06"]
[Round "2"]
[White "Medic, Mirjana"]
[Black "Damjanovic, Mato"]
[Result "0-1"]
[WhiteElo "2248"]
[BlackElo "2299"]
[PlyCount "106"]
[EventDate "2008.03.30"]
[EventType "team-tourn"]
[EventRounds "9"]
[EventCountry "CRO"]
[SourceTitle "EXT 2011"]
[Source "ChessBase"]
[SourceDate "2010.11.26"]
[SourceVersion "1"]
[SourceVersionDate "2010.11.26"]
[SourceQuality "1"]

1. d4 Nf6 2. c4 e6 3. Nc3 Bb4 4. Qc2 0-0 5. a3 Bxc3+ 6. Qxc3 d5 7. Bg5 h6 8. Bxf6 Qxf6 9. Nf3 c6 10. e3 Nd7 11. c5 Re8 12. Ne5 Nxe5 13. dxe5 Qe7 14. Be2 Bd7 15. 0-0 b6 16. Rfc1 Reb8 17. b4 Be8 18. Qd4 f6 19. Bg4 h5 20. exf6 gxf6 21. Be2 Qg7 22. Qh4 Qg5 23. Qh3 f5 24. Rc3 h4 25. Rac1 Kf8 26. g3 hxg3 27. hxg3 Qf6 28. Kg2 b5 29. Rb3 Ke7 30. Rh1 Bf7 31. Qh4 Qxh4 32. Rxh4 a5 33. bxa5 Rxa5 34. a4 b4 35. Rhxb4 Rxb4 36. Rxb4 Rxc5 37. Rb7+ Kf6 38. Ra7 Rc2 39. Kf1 Rc1+ 40. Kg2 e5 41. a5 d4 42. f4 Bd5+ 43. Kf2 dxe3+ 44. Kxe3 Rc3+ 45. Kd2 Rxg3 46. fxe5+ Kxe5 47. a6 Ra3 48. Re7+ Kd4 49. a7 f4 50. Rd7 Ra2+ 51. Ke1 Ke3 52. Re7+ Be4 53. Bd1 f3 0-1

[Event "CRO-chT3"]
[Site "Zagreb"]
[Date "2008.03.30"]
[Round "1"]
[White "Damjanovic, Mato"]
[Black "Slogar, Dubravko"]
[Result "1/2-1/2"]
[WhiteElo "2299"]
[BlackElo "2356"]
[PlyCount "31"]
[EventDate "2008.03.30"]
[EventType "team-tourn"]
[EventRounds "9"]
[EventCountry "CRO"]
[SourceTitle "EXT 2011"]
[Source "ChessBase"]
[SourceDate "2010.11.26"]
[SourceVersion "1"]
[SourceVersionDate "2010.11.26"]
[SourceQuality "1"]

1. e4 e5 2. Nf3 Nc6 3. Bb5 a6 4. Ba4 d6 5. c3 Bd7 6. 0-0 g6 7. d4 Bg7 8. Bg5 f6 9. Be3 Nh6 10. dxe5 dxe5 11. Nbd2 Nf7 12. Bc5 Bf8 13. Bxf8 Kxf8 14. b4 Kg7 15. h3 Qe7 16. Bb3 1/2-1/2

[Event "SLO-CRO m"]
[Site "Celje"]
[Date "2004.05.15"]
[Round "1"]
[White "Bohak, Janko"]
[Black "Damjanovic, Mato"]
[Result "1/2-1/2"]
[WhiteElo "2176"]
[BlackElo "2284"]
[PlyCount "27"]
[EventDate "2004.05.??"]
[EventType "match"]
[EventRounds "1"]
[EventCountry "SLO"]
[SourceTitle "EXT 2005"]
[Source "ChessBase"]
[SourceDate "2004.11.15"]
[SourceVersion "1"]
[SourceVersionDate "2004.11.15"]
[SourceQuality "1"]

1. d4 Nf6 2. Nf3 g6 3. c4 c6 4. Nc3 d5 5. cxd5 cxd5 6. Bf4 Bg7 7. e3 0-0 8. Bd3 Nc6 9. Rc1 Bg4 10. h3 Bxf3 11. Qxf3 e6 12. 0-0 Ne8 13. Rfd1 Nd6 14. Qe2 1/2-1/2

[Event "Slavonija Swiss"]
[Site "Vukovar"]
[Date "2001.08.08"]
[Round "7"]
[White "Novakovic, Dragan"]
[Black "Damjanovic, Mato"]
[Result "1-0"]
[WhiteElo "2388"]
[BlackElo "2305"]
[PlyCount "49"]
[EventDate "2001.08.02"]
[EventType "swiss"]
[EventRounds "11"]
[EventCountry "CRO"]
[SourceTitle "EXT 2002"]
[Source "ChessBase"]
[SourceDate "2001.11.25"]
[SourceVersion "1"]
[SourceVersionDate "2001.11.25"]
[SourceQuality "1"]

1. Nf3 Nf6 2. g3 d5 3. Bg2 c6 4. b3 Bg4 5. Bb2 Nbd7 6. d4 e6 7. Nbd2 a5 8. a3 Be7 9. 0-0 0-0 10. c4 h6 11. h3 Bf5 12. Re1 Ne4 13. Rc1 Bg6 14. e3 Bh5 15. Qc2 Bg6 16. Nxe4 Bxe4 17. Qe2 Bd6 18. Nd2 Bxg2 19. Kxg2 f5 20. Qf3 Qe7 21. a4 Bb4 22. Red1 Bxd2 23. Rxd2 Qb4 24. Qd1 dxc4 25. bxc4 1-0

[Event "Slavonija"]
[Site "Vinkovci"]
[Date "2001.08.05"]
[Round "4"]
[White "Jusic, Zdenko"]
[Black "Damjanovic, Mato"]
[Result "1/2-1/2"]
[WhiteElo "2426"]
[BlackElo "2305"]
[PlyCount "79"]
[EventDate "2001.08.04"]
[EventType "tourn"]
[EventRounds "5"]
[EventCountry "CRO"]
[EventCategory "3"]
[SourceTitle "CBM 083 Extra"]
[Source "ChessBase"]
[SourceDate "2001.09.11"]
[SourceVersion "1"]
[SourceVersionDate "2001.09.11"]
[SourceQuality "1"]

1. e4 c5 2. Nf3 Nc6 3. c3 Nf6 4. d3 d6 5. h3 e5 6. g3 Be7 7. Bg2 0-0 8. 0-0 d5 9. Qc2 Re8 10. Na3 Rb8 11. exd5 Nxd5 12. Nc4 Bf6 13. a4 Bf5 14. Nfd2 Nb6 15. Ne4 Nxc4 16. dxc4 Bg6 17. Rd1 Qc7 18. Qe2 Be7 19. Be3 h6 20. Rd5 b6 21. Rad1 Rbd8 22. g4 Bf8 23. Qd3 Qe7 24. Qd2 Rxd5 25. cxd5 Na5 26. Qe2 c4 27. Ng3 Qd7 28. Be4 Bxe4 29. Nxe4 Qxa4 30. Qf3 Be7 31. d6 Bd8 32. Rd5 Qd7 33. Ng3 Re6 34. Nf5 Nb7 35. Rd1 g6 36. Nxh6+ Kf8 37. g5 Rxd6 38. Rxd6 Nxd6 39. Qd5 Qe6 40. Qb7 1/2-1/2

[Event "Samobor"]
[Site "Samobor"]
[Date "1998.??.??"]
[Round "3"]
[White "Badea, Bela"]
[Black "Damjanovic, Mato"]
[Result "1-0"]
[WhiteElo "2545"]
[BlackElo "2330"]
[PlyCount "49"]
[EventDate "1998.??.??"]
[EventType "tourn"]
[EventRounds "11"]
[EventCountry "CRO"]
[SourceTitle "EXT 2000"]
[Source "ChessBase"]
[SourceDate "1999.11.16"]
[SourceVersion "1"]
[SourceVersionDate "1999.11.16"]
[SourceQuality "1"]

1. Nf3 d5 2. g3 Nf6 3. Bg2 c6 4. h3 g6 5. b3 Bg7 6. Bb2 0-0 7. 0-0 a5 8. a4 Qb6 9. d3 Na6 10. Nbd2 Nh5 11. Bxg7 Kxg7 12. Kh2 Qc5 13. d4 Qc3 14. Rc1 Nf6 15. e3 Bf5 16. g4 Bc8 17. Ne5 Qb4 18. f4 Qd6 19. c3 c5 20. Qf3 cxd4 21. exd4 e6 22. Qg3 h5 23. f5 hxg4 24. fxg6 fxg6 25. Qd3 1-0

[Event "CRO-chT2"]
[Site "Pula"]
[Date "1998.??.??"]
[Round "7"]
[White "Damjanovic, Mato"]
[Black "Sinanovic, Muhamed"]
[Result "0-1"]
[WhiteElo "2330"]
[BlackElo "2400"]
[PlyCount "97"]
[EventDate "1998.??.??"]
[EventType "team"]
[EventRounds "9"]
[EventCountry "CRO"]
[SourceTitle "EXT 2000"]
[Source "ChessBase"]
[SourceDate "1999.11.16"]
[SourceVersion "1"]
[SourceVersionDate "1999.11.16"]
[SourceQuality "1"]

1. e4 c5 2. Nf3 d6 3. d4 cxd4 4. Nxd4 Nf6 5. Nc3 g6 6. Be3 Bg7 7. f3 Nc6 8. Qd2 0-0 9. g4 Nxd4 10. Bxd4 Be6 11. Nd5 Bxd5 12. exd5 Qc7 13. h4 Rac8 14. Rh2 a6 15. h5 b5 16. hxg6 fxg6 17. a4 Qb7 18. g5 Nxd5 19. Bh3 Nf4 20. Bxg7 Kxg7 21. Bxc8 Qxc8 22. 0-0-0 Qf5 23. Rdh1 Nh5 24. Re1 e5 25. Qxd6 Qxg5+ 26. Kb1 Rxf3 27. Rxe5 Qg1+ 28. Ka2 Rf7 29. Re7 Qf1 30. Qe5+ Qf6 31. Rxf7+ Kxf7 32. Qc7+ Qe7 33. Qxe7+ Kxe7 34. axb5 axb5 35. Kb3 Nf6 36. Kb4 h5 37. Kxb5 g5 38. Kc4 g4 39. Kd3 Ke6 40. Ke2 Kf5 41. Rf2+ Kg5 42. b4 Nd5 43. Rf8 Nxb4 44. c4 h4 45. Kf1 Nd3 46. Rb8 Ne5 47. c5 h3 48. Kf2 Kf5 49. Kg3 0-1

[Event "CRO-chT2"]
[Site "Pula"]
[Date "1998.??.??"]
[Round "6"]
[White "Rade, Miroslav"]
[Black "Damjanovic, Mato"]
[Result "1-0"]
[WhiteElo "2335"]
[BlackElo "2330"]
[PlyCount "84"]
[EventDate "1998.??.??"]
[EventType "team"]
[EventRounds "9"]
[EventCountry "CRO"]
[SourceTitle "EXT 2000"]
[Source "ChessBase"]
[SourceDate "1999.11.16"]
[SourceVersion "1"]
[SourceVersionDate "1999.11.16"]
[SourceQuality "1"]

1. e4 c5 2. Nf3 e6 3. d4 cxd4 4. Nxd4 a6 5. Bd3 Nc6 6. Be3 Nf6 7. 0-0 Qc7 8. Nxc6 dxc6 9. a4 e5 10. a5 Be6 11. Bb6 Qc8 12. Nd2 Nd7 13. Be3 Bc5 14. Qe2 0-0 15. Bc4 Bxe3 16. Qxe3 Nf6 17. Rfd1 Rb8 18. f3 h6 19. Qc3 Re8 20. Nb3 Qc7 21. Bxe6 Rxe6 22. Qb4 c5 23. Qc4 Rc8 24. Rd3 g6 25. Rad1 Kg7 26. g3 h5 27. h4 Rc6 28. Kg2 Qe7 29. Rg1 Qe8 30. Nd2 Rd8 31. Rxd8 Qxd8 32. Nb3 Qd6 33. Rf1 Ne8 34. Rf2 Nc7 35. c3 Qe7 36. Nd2 g5 37. Nf1 Kg8 38. Ne3 Ne6 39. Qd5 Qf6 40. Nf5 gxh4 41. Nxh4 Kh7 42. Kh2 Kh6 1-0

[Event "Samobor"]
[Site "Samobor"]
[Date "1998.??.??"]
[Round "8"]
[White "Takac, Zvonko"]
[Black "Damjanovic, Mato"]
[Result "0-1"]
[WhiteElo "2190"]
[BlackElo "2330"]
[PlyCount "88"]
[EventDate "1998.??.??"]
[EventType "tourn"]
[EventRounds "11"]
[EventCountry "CRO"]
[SourceTitle "EXT 2000"]
[Source "ChessBase"]
[SourceDate "1999.11.16"]
[SourceVersion "1"]
[SourceVersionDate "1999.11.16"]
[SourceQuality "1"]

1. d4 Nf6 2. c4 e6 3. Nf3 b6 4. e3 Bb4+ 5. Nbd2 Bb7 6. Be2 0-0 7. 0-0 a5 8. a3 Bxd2 9. Nxd2 d6 10. Qc2 Nbd7 11. e4 e5 12. d5 a4 13. Nb1 Nc5 14. Nc3 Nb3 15. Rb1 Nd7 16. Be3 Ndc5 17. Rbd1 Qe7 18. f4 exf4 19. Rxf4 Bc8 20. Rdf1 Bd7 21. R1f3 Qe5 22. Qd1 Rae8 23. Qf1 Nd4 24. Rf2 Nc2 25. Bxc5 bxc5 26. Rxf7 Rxf7 27. Rxf7 Qd4+ 28. Qf2 Rd8 29. Rf3 Ne1 30. Re3 Rf8 31. Bf3 Nd3 32. Rxd3 Qxd3 33. Qe2 Qxe2 34. Bxe2 Rb8 35. Nd1 c6 36. Kf2 cxd5 37. cxd5 Kf7 38. Ke3 Kf6 39. Kd2 Ke5 40. Kc2 Kxe4 41. Nc3+ Ke3 42. Bd3 g6 43. Nd1+ Kd4 44. Nc3 Rf8 0-1

[Event "CRO-chT2"]
[Site "Medulin"]
[Date "1997.??.??"]
[Round "?"]
[White "Markotic, Gordan"]
[Black "Damjanovic, Mato"]
[Result "0-1"]
[WhiteElo "2310"]
[BlackElo "2320"]
[PlyCount "90"]
[EventDate "1997.??.??"]
[EventType "team"]
[EventRounds "9"]
[EventCountry "CRO"]
[SourceTitle "EXT 1999"]
[Source "ChessBase"]
[SourceDate "1998.11.16"]
[SourceVersion "1"]
[SourceVersionDate "1998.11.16"]
[SourceQuality "1"]

1. d4 Nf6 2. c4 e6 3. Nc3 Bb4 4. e3 c5 5. a3 Bxc3+ 6. bxc3 d6 7. Bd3 Nc6 8. Ne2 0-0 9. Ng3 Re8 10. e4 cxd4 11. cxd4 Nxd4 12. 0-0 e5 13. Be3 Ne6 14. Ra2 Qc7 15. Rd2 Nf4 16. Bxf4 exf4 17. Nh5 Nxh5 18. Qxh5 Re5 19. Qf3 Be6 20. Qxf4 Bxc4 21. Rc1 b5 22. Ra1 Rc8 23. h3 Qc5 24. Rad1 Bb3 25. Re1 d5 26. Qg3 Bc4 27. Kh2 dxe4 28. Rxe4 Rxe4 29. Bxe4 g6 30. Bb1 Qe5 31. Ba2 Qxg3+ 32. Kxg3 Bxa2 33. Rxa2 Rc1 34. f3 Rc3 35. Kf4 Kg7 36. Ke5 a6 37. a4 b4 38. Kd4 a5 39. h4 Kf6 40. Ra1 h6 41. Ra2 g5 42. hxg5+ hxg5 43. Ke4 Ra3 44. Rc2 Rxa4 45. Rc6+ Kg7 0-1

[Event "CRO-chT2"]
[Site "Medulin"]
[Date "1997.??.??"]
[Round "?"]
[White "Sulc, Damir"]
[Black "Damjanovic, Mato"]
[Result "1/2-1/2"]
[WhiteElo "2250"]
[BlackElo "2320"]
[PlyCount "47"]
[EventDate "1997.??.??"]
[EventType "team"]
[EventRounds "9"]
[EventCountry "CRO"]
[SourceTitle "EXT 1999"]
[Source "ChessBase"]
[SourceDate "1998.11.16"]
[SourceVersion "1"]
[SourceVersionDate "1998.11.16"]
[SourceQuality "1"]

1. e4 c5 2. Nf3 a6 3. d4 cxd4 4. Nxd4 Nf6 5. Nc3 e5 6. Nf3 Bb4 7. Bd2 d6 8. Bd3 0-0 9. 0-0 Nc6 10. h3 h6 11. a3 Ba5 12. b4 Bb6 13. Na4 Ba7 14. c4 Nd4 15. Re1 Bd7 16. Nc3 a5 17. Be3 Re8 18. Rb1 axb4 19. Rxb4 Nxf3+ 20. Qxf3 Bxe3 21. Qxe3 b6 22. Rd1 Qb8 23. Rd2 Rxa3 24. Nd5 1/2-1/2

[Event "CRO-chT2"]
[Site "Tucepi"]
[Date "1996.??.??"]
[Round "?"]
[White "Damjanovic, Mato"]
[Black "Fercec, Nenad"]
[Result "1/2-1/2"]
[WhiteElo "2325"]
[BlackElo "2405"]
[PlyCount "102"]
[EventDate "1996.??.??"]
[EventType "team"]
[EventRounds "9"]
[EventCountry "CRO"]
[SourceTitle "EXT 1998"]
[Source "ChessBase"]
[SourceDate "1997.11.17"]
[SourceVersion "1"]
[SourceVersionDate "1997.11.17"]
[SourceQuality "1"]

1. e4 c5 2. Nf3 e6 3. d4 cxd4 4. Nxd4 Nf6 5. Nc3 Nc6 6. Nxc6 bxc6 7. e5 Nd5 8. Nxd5 cxd5 9. Bd3 Qc7 10. Qe2 Bb4+ 11. Bd2 Bxd2+ 12. Kxd2 Rb8 13. Rhb1 d6 14. f4 0-0 15. b3 f6 16. exd6 Qxd6 17. Rf1 g6 18. Rae1 Bd7 19. Qe3 a5 20. Qg3 Rf7 21. a4 Re8 22. h4 Rg7 23. h5 gxh5 24. Qh4 e5 25. fxe5 fxe5 26. Rf6 Qe7 27. Bb5 Bxb5 28. axb5 d4 29. Qxh5 Qb4+ 30. Kd1 Qxb5 31. Qf5 Qc5 32. Re6 Rf8 33. Qe4 d3 34. Qxd3 Qd4 35. R6xe5 Qxd3+ 36. cxd3 Rxg2 37. R1e2 Rxe2 38. Kxe2 Rb8 39. Rxa5 Rxb3 40. Ke3 Rb7 41. d4 Kf7 42. Ke4 Kg6 43. d5 h5 44. d6 h4 45. Ke5 Kg5 46. d7 Rxd7 47. Ke6+ Kg4 48. Kxd7 h3 49. Ke6 h2 50. Ra1 Kg3 51. Kf5 Kg2 1/2-1/2

[Event "CRO-chT2"]
[Site "Tucepi"]
[Date "1996.??.??"]
[Round "?"]
[White "Damjanovic, Mato"]
[Black "Zelic, Mladen"]
[Result "1/2-1/2"]
[WhiteElo "2325"]
[BlackElo "2345"]
[PlyCount "40"]
[EventDate "1996.??.??"]
[EventType "team"]
[EventRounds "9"]
[EventCountry "CRO"]
[SourceTitle "EXT 1998"]
[Source "ChessBase"]
[SourceDate "1997.11.17"]
[SourceVersion "1"]
[SourceVersionDate "1997.11.17"]
[SourceQuality "1"]

1. e4 e5 2. Nf3 Nc6 3. Bb5 f5 4. Nc3 fxe4 5. Nxe4 Nf6 6. Nxf6+ Qxf6 7. Qe2 Be7 8. Bxc6 dxc6 9. Qxe5 Bg4 10. 0-0 Bxf3 11. Qxf6 Bxf6 12. Re1+ Kd7 13. gxf3 Rhf8 14. d3 Be7 15. Kg2 Rf5 16. Re4 Raf8 17. Be3 Rxf3 18. Rxe7+ Kxe7 19. Bc5+ Kd7 20. Bxf8 Rxf8 1/2-1/2

[Event "CRO-chT2"]
[Site "Opatija"]
[Date "1995.??.??"]
[Round "?"]
[White "Brumen, Dinko"]
[Black "Damjanovic, Mato"]
[Result "1/2-1/2"]
[WhiteElo "2325"]
[BlackElo "2330"]
[PlyCount "117"]
[EventDate "1995.??.??"]
[EventType "team"]
[EventRounds "9"]
[EventCountry "CRO"]
[SourceTitle "EXT 1998"]
[Source "ChessBase"]
[SourceDate "1997.11.17"]
[SourceVersion "1"]
[SourceVersionDate "1997.11.17"]
[SourceQuality "1"]

1. d4 Nf6 2. c4 e6 3. Nc3 Bb4 4. Nf3 c5 5. g3 0-0 6. Bg2 d5 7. 0-0 Nc6 8. cxd5 exd5 9. Bg5 Bxc3 10. bxc3 h6 11. Bxf6 Qxf6 12. dxc5 Qxc3 13. Qxd5 Be6 14. Qh5 Rad8 15. e4 Rd3 16. Rac1 Qb2 17. Rb1 Qa3 18. Nh4 Rc3 19. f4 Rxc5 20. Qf3 Qxf3 21. Nxf3 b6 22. Rfc1 Bxa2 23. Rxc5 bxc5 24. Rc1 c4 25. Bf1 Rb8 26. Bxc4 Bxc4 27. Rxc4 Rb6 28. e5 a5 29. Nd4 Nxd4 30. Rxd4 Ra6 31. Ra4 Kf8 32. Kf2 Ke7 33. Ke3 Kd7 34. Kd4 Kc6 35. Kc4 Ra7 36. g4 g5 37. f5 Ra8 38. h3 Ra7 39. Kd4 Rd7+ 40. Ke4 Ra7 41. Rc4+ Kb5 42. Rc1 a4 43. e6 fxe6 44. fxe6 a3 45. Ke5 a2 46. Ra1 Kc6 47. Kf6 Ra3 48. e7 Rf3+ 49. Ke6 Re3+ 50. Kf7 Rf3+ 51. Ke8 Ra3 52. Kf8 Rf3+ 53. Kg7 Kd7 54. Kxh6 Rxh3+ 55. Kxg5 Rh2 56. Re1 Ke8 57. Kf6 Rh6+ 58. Ke5 Ra6 59. Ra1 1/2-1/2

[Event "CRO-chT2"]
[Site "Opatija"]
[Date "1995.??.??"]
[Round "?"]
[White "Damjanovic, Mato"]
[Black "Ruck, Robert"]
[Result "0-1"]
[WhiteElo "2330"]
[BlackElo "2460"]
[PlyCount "104"]
[EventDate "1995.??.??"]
[EventType "team"]
[EventRounds "9"]
[EventCountry "CRO"]
[SourceTitle "EXT 1998"]
[Source "ChessBase"]
[SourceDate "1997.11.17"]
[SourceVersion "1"]
[SourceVersionDate "1997.11.17"]
[SourceQuality "1"]

1. e4 c5 2. Nf3 d6 3. d4 cxd4 4. Nxd4 Nf6 5. Nc3 a6 6. Bg5 e6 7. f4 Be7 8. Qf3 Qc7 9. 0-0-0 Nbd7 10. g4 b5 11. Bxf6 Nxf6 12. g5 Nd7 13. f5 Bxg5+ 14. Kb1 Ne5 15. Qg3 Bf6 16. fxe6 fxe6 17. Bh3 Qe7 18. Nce2 0-0 19. b3 Bd7 20. Rhf1 Ng6 21. Nf3 Ne5 22. Nfd4 Nf7 23. Nf4 Ng5 24. Qd3 Bxd4 25. Qxd4 Rxf4 26. Rxf4 Nxh3 27. Rff1 Ng5 28. Qxd6 Qxd6 29. Rxd6 Be8 30. Re1 Bg6 31. h4 Nxe4 32. Rxe6 Nd2+ 33. Kb2 Nf3 34. Rh1 Nd4 35. Re7 b4 36. h5 Bf5 37. Rg1 g6 38. h6 Rc8 39. Rg7+ Kh8 40. Rg2 Nxc2 41. Rd2 Ne1 42. Rc7 Rg8 43. Re2 Nd3+ 44. Ka1 g5 45. Rf7 Bg6 46. Rf6 g4 47. Rg2 Be4 48. Rg3 Nc1 49. Rxa6 Ne2 50. Re3 g3 51. Rxe2 g2 52. Rxg2 Rxg2 0-1

[Event "CRO-chT2"]
[Site "Opatija"]
[Date "1995.??.??"]
[Round "?"]
[White "Damjanovic, Mato"]
[Black "Stohl, Igor"]
[Result "1-0"]
[WhiteElo "2330"]
[BlackElo "2530"]
[PlyCount "53"]
[EventDate "1995.??.??"]
[EventType "team"]
[EventRounds "9"]
[EventCountry "CRO"]
[SourceTitle "EXT 1998"]
[Source "ChessBase"]
[SourceDate "1997.11.17"]
[SourceVersion "1"]
[SourceVersionDate "1997.11.17"]
[SourceQuality "1"]

1. e4 c5 2. Nf3 d6 3. d4 cxd4 4. Nxd4 Nf6 5. Nc3 a6 6. Bg5 e6 7. f4 Qb6 8. Nb3 Be7 9. Qf3 Nbd7 10. Bd3 h6 11. Bh4 Nxe4 12. Bxe7 Nxc3 13. Bxd6 Qxd6 14. bxc3 0-0 15. 0-0 Nf6 16. c4 Qc7 17. Nd2 Bd7 18. Ne4 Nxe4 19. Qxe4 f5 20. Qe3 Rae8 21. Rae1 Qa5 22. Qd4 Bc6 23. Re5 Qxa2 24. Qc3 Rd8 25. Rxe6 Rd7 26. Rg6 Kh7 27. Rg3 1-0

[Event "CRO-chT2"]
[Site "Opatija"]
[Date "1995.??.??"]
[Round "?"]
[White "Mestrovic, Zvonimir"]
[Black "Damjanovic, Mato"]
[Result "1-0"]
[WhiteElo "2415"]
[BlackElo "2330"]
[PlyCount "147"]
[EventDate "1995.??.??"]
[EventType "team"]
[EventRounds "9"]
[EventCountry "CRO"]
[SourceTitle "EXT 1998"]
[Source "ChessBase"]
[SourceDate "1997.11.17"]
[SourceVersion "1"]
[SourceVersionDate "1997.11.17"]
[SourceQuality "1"]

1. d4 Nf6 2. Nc3 d5 3. Bg5 Nbd7 4. Nf3 c6 5. e3 Qa5 6. Nd2 e6 7. a3 Qc7 8. Nf3 Bd6 9. Bd3 e5 10. dxe5 Bxe5 11. Nxe5 Qxe5 12. Bf4 Qe7 13. 0-0 Nc5 14. b4 Nxd3 15. cxd3 0-0 16. b5 h6 17. d4 Bf5 18. bxc6 bxc6 19. Na4 Nd7 20. Qb3 Rfc8 21. Rfc1 Nb6 22. Nc5 Nc4 23. Qa4 a5 24. Rc3 Qa7 25. Qd1 Re8 26. Rb3 Re7 27. a4 Rae8 28. h3 Bg6 29. Ra2 Qa8 30. Kh2 Kh7 31. g4 f6 32. Qf3 Be4 33. Qg3 g5 34. Bd6 Rf7 35. Nxe4 Rxe4 36. Rb8 Qa7 37. Bc5 Qd7 38. Ra8 Re8 39. Ra7 Qe6 40. Rxf7+ Qxf7 41. Ra1 Qb7 42. Qf3 Kg7 43. Re1 Nd2 44. Qf5 Ne4 45. Rb1 Qc7+ 46. Kg2 Nxc5 47. dxc5 Re5 48. Qd3 Qe7 49. Qa6 Qxc5 50. Qc8 Re7 51. Rb8 Kg6 52. Qg8+ Rg7 53. Qe8+ Kh7 54. Rc8 Qc4 55. Qe6 Qe4+ 56. Qxe4+ dxe4 57. Rxc6 Rb7 58. Ra6 Rb4 59. Rxa5 Kg6 60. Ra8 h5 61. a5 Ra4 62. gxh5+ Kxh5 63. a6 Kg6 64. a7 Kg7 65. h4 gxh4 66. Kh3 Ra2 67. Kxh4 Kh7 68. Rf8 Rxa7 69. Rxf6 Kg7 70. Rf4 Re7 71. Kg5 Re8 72. Kf5 Re7 73. Rg4+ Kh7 74. Kf6 1-0